000 00993nas a2200337 4500
001 BR0402436
003 BR-BrBNA
005 20231205104524.0
007 ta
008 230509b bl.|||p| |||| 00| 00por d
040 _aBR-BrBNA
_bpor
_cBiblioteca Nacional de Agricultura
041 _a(Pt)
072 _aS40
100 1 _aCastro, M.D.A.S. de
100 1 _aOliveira, L.F. de
100 1 _aPassamani, L.
100 1 _aSilva, R.B. da
245 1 _aResto-ingesta e aceitação de refeições em uma unidade de alimentação e nutrição
650 _aALIMENTAÇÃO
650 _aDESPERDÍCIO
650 _aRECICLAGEM
650 _aCONSUMO ALIMENTAR
650 _aNUTRIÇÃO HUMANA
650 _aHÁBITO ALIMENTAR
650 _aDIETA
650 _aFOME
650 _aPROGRAMA DE NUTRIÇÃO
773 0 _tHigiene Alimentar (Brazil)
_xISSN 0101-9171
_g(Nov-Dec 2003), v. 17(114-115) p. 24-28
_wBR0402436
909 _a202311
_bLúcia
_c55
_dLúcia Elande
942 _2AGRIS
_n0
_cANA
999 _c178527
_d178527